Actors by Picture #1 - Statistics

General Stats
  • This quiz has been taken 185 times
  • The average score is 6 of 20
Answer Stats
Picture Answer % Correct
Brad Pitt
91%
Denzel Washington
84%
Scarlett Johansson
79%
Al Pacino
68%
Halle Berry
62%
Whoopi Goldberg
51%
Ben Kingsley
48%
Jean Reno
39%
James Stewart
28%
Harvey Keitel
21%
Sarah Paulson
17%
Gary Cooper
13%
Haley Joel Osment
11%
Giovanni Ribisi
7%
Peter Stormare
6%
Harry Dean Stanton
5%
Rita Moreno
5%
Janet Leigh
4%
Nastassja Kinski
3%
Cristin Milioti
2%
No matching quizzes found
Score Distribution
Percent of People with Each Score
Percentile by Number Answered
Your Score History
You have not taken this quiz